General Knowledge Quiz - Statistics

General Stats
  • This quiz has been taken 42 times
  • The average score is 7 of 10
Answer Stats
Questions Answer % Correct
In which country is the Lufthansa Airline situated Germany
97%
In which country Coca Cola was Invented Usa
97%
What is the name of the first president of America Washington
84%
Soviet Union Country that start with E Estonia
82%
Last emperor of Russia Nicholas II
76%
How many provinces are there in Canada 10
74%
China largest city Shanghai
74%
Who discovered the sea route from Portugal to India Vasco da Gama
55%
Who was the first emperor of Russia Peter The Great
45%
Who dicovered telephone Graham Bell
32%
No matching quizzes found
Score Distribution
Percent of People with Each Score
Percentile by Number Answered
Your Score History
You have not taken this quiz